000 02256cam a2200313 4500500
005 20251228053400.0
041 _afre
042 _adc
100 1 0 _aAcolat, Delphine
_eauthor
245 0 0 _aReprésenter le paysage antique
260 _c2005.
500 _a24
520 _aRésuméConfrontée à des arbitrages frontaliers attestés par les sources épigraphiques, l’étude des traités des arpenteurs et des miniatures qui les accompagnent dans les manuscrits tardo-antiques et médiévaux permet de s’interroger sur la perception, la représentation et l’utilisation des éléments remarquables du paysage et des zones marginales des territoires. Un mode de pensée stéréotypé et modélisateur fondé sur la préférence en des repères naturels globaux et linéaires est à concilier sur le terrain avec des exigences de précision topographique qui induisent le recours aux repères ponctuels, souvent anthropiques, qui se surajoutent aux premiers.
520 _aIn conjunction with the frontier arbitrations attested by the epigraphic sources, the study of the treatises of the land-surveyors from the Lower Antiquity and the Middle-Ages and of the miniatures such manuscripts contain enables us to research the perception, representation and use of the notable elements of the landscape and of the outlying territorial areas of the time. A stereotyped way of thinking favoring global and linear natural markers had to be reconciled on the ground with the requirements of topographic precision, which induced the recourse to specific points of reference, often of anthropic origin, added on top of the aforementioned more traditional markers.
690 _aépigraphie
690 _afrontières
690 _aminiatures
690 _apaysage romain
690 _astéréotypes
690 _atraités d'arpenteurs
690 _aborders
690 _aepigraphy
690 _aminiatures
690 _aRoman land-surveyors
690 _aRoman landscape
690 _astereotypes in drawing boundaries
786 0 _nHistoire & Sociétés Rurales | 24 | 2 | 2005-10-01 | p. 7-56 | 1254-728X
856 4 1 _uhttps://shs.cairn.info/revue-histoire-et-societes-rurales-2005-2-page-7?lang=fr&redirect-ssocas=7080
999 _c1585310
_d1585310